休日おでかけパスに印字されている駅名 - Statistics

General Stats
  • This quiz has been taken 108 times
  • The average score is 38 of 53
Answer Stats
都県 駅名 % Correct
神奈川県 小田原
91%
千葉県 成田
91%
東京都 東京
90%
山梨県 大月
88%
埼玉県 大宮
88%
栃木県 小山
88%
千葉県 千葉
88%
東京都 新宿
86%
東京都 上野
85%
千葉県 成田空港
85%
東京都 八王子
85%
神奈川県 横浜
85%
東京都 奥多摩
84%
茨城県 土浦
83%
神奈川県 大船
81%
東京都 立川
81%
東京都 池袋
80%
神奈川県 橋本
80%
栃木県 足利
79%
千葉県 我孫子
79%
神奈川県 川崎
79%
神奈川県 久里浜
79%
栃木県 自治医大
79%
千葉県 蘇我
79%
千葉県 西船橋
79%
東京都 武蔵五日市
79%
東京都 拝島
78%
東京都 大崎
77%
千葉県 君津
74%
埼玉県 高麗川
74%
千葉県 成東
73%
埼玉県 熊谷
70%
千葉県 上総亀山
69%
千葉県 木更津
69%
神奈川県 茅ケ崎
69%
東京都 新木場
67%
神奈川県 鶴見
67%
千葉県 茂原
67%
千葉県 佐倉
63%
神奈川県 大川
62%
茨城県 下館
62%
埼玉県 神保原
62%
千葉県 新松戸
62%
神奈川県 扇町
58%
東京都 御茶ノ水
58%
東京都 北千住
54%
埼玉県 本庄早稲田
52%
東京都 浜松町
48%
埼玉県 寄居
47%
神奈川県 羽沢横浜国大
46%
東京都 羽田空港第2ターミナル
42%
神奈川県 平塚
38%
東京都 代々木
36%
No matching quizzes found
Score Distribution
Percent of People with Each Score
Percentile by Number Answered
Your Score History
You have not taken this quiz